Регионална библиотека "Любен Каравелов" - Русе

Без резервации (Запис номер 349181)

MARC детайли
000 -Лидер
Контролно поле с фиксирана дължина 00837nam a22002657a 4500
003 - Код на организацията, давaща контролен номер
Контролно поле BLK
005 - Дата и час на последна редакция
Контролно поле 20250721102424.0
008 - Елементи от данни с фиксирана дължина
fixed length control field 200319b bu ||||| |||| 00| 0 bu d
020 ## - Международен стандартен номер на книга ISBN
Международен стандартен номер на книга ISBN 978-619-7300-79-6
040 ## - Източник на каталожния запис
Идентификатор на билиотеката - собственик на записа BLK
041 ## - Код за език
Код за езика на текст/звукозапис или на отделно заглавие Български
Код за езика КДБФ Български
100 ## - Редна дума - Автор
Автор Стейнбах, Алис
Авторска отговорност първи автор
R(LIN) 1299
139 ## - Редно поле
Редна дума Стейнбах, Алис
Авторски знак Сте - С 75
245 ## - Сведения за заглавието
Заглавие Без резервации
Редно поле (дума) Алис Стейнбах; прев. Цветелина Лакова
260 ## - Област на издателските данни
9 (RLIN) 214255
Място на издаване, разпространение и проч. София
Име на издателя, разпространителя и проч. Вакон
Година на издаване 2019
300 ## - Физическа характеристика
Страници 368 с.
Размери/Мащаб 21 см
380 ## - Жанр
Жанр Худож. лит.
700 ## - Други автори (авторска отговорност)
Лично име Лакова, Цветелина Лакова
Дати, свързани с автора 1984-
9 (RLIN) 389898
852 ## - Местоположение
Фондова буква Заемна - подръчен фонд
999 ## - СИСТЕМНИ КОНТРОЛНИ НОМЕРА
Koha biblionumber 349181
Koha biblioitemnumber 349181
942 ## - АРТИКУЛИ
Вид на библиотечния материал Книги
Скрит в OPAC Не
Периодичен библиозапис Да
Koha issues (borrowed), all copies 16
999 ## - СИСТЕМНИ КОНТРОЛНИ НОМЕРА
Koha biblioitemnumber 349181
999 ## - СИСТЕМНИ КОНТРОЛНИ НОМЕРА
Koha biblioitemnumber 349181
999 ## - СИСТЕМНИ КОНТРОЛНИ НОМЕРА
Koha biblioitemnumber 349181
944 ## - СЪЗДАВАНЕ И РЕДАКЦИЯ на ЗАПИСА
Служител, извършил регистрацията/редакцията 30535
Статус, дата на статуса Христина Везирева
Наличности
Код за отписване Код за изгубен артикул Източник на класификационната схема Код за повреда Код за отдаване Артикулен № Име на библиотеката - собственик Име на библиотеката, в която се намира в момента Статус (Текущо местоположение) Дата на вписване в системата Местоположение - отдел Цена в лева Систематично азбучна сигнатура Баркод Цена в евро Служебен тип на артикула Коз за рестрикции
  Не е изгубен Universal Decimal Classification Не е повреден заемане за дома 756426 Регионална библиотека "Любен Каравелов" Русе Регионална библиотека "Любен Каравелов" Русе Заемна - подръчен фонд 2020-03-19 Заемна - подръчен фонд 14.00 821/С 75 А 120000843258 7.16 Книги  
  Не е изгубен Universal Decimal Classification Не е повреден ползва се в читалня 857149 Регионална библиотека "Любен Каравелов" Русе Регионална библиотека "Любен Каравелов" Русе Хранилище 2021-10-12 Хранилище 20.00 Цб 309220 120000860423 10.23 Книги само за читалня
Vip Innovations Ltd, Rousse, Bulgaria 2025